Κατάλογος Βιβλιοθηκών Mediterranean College

Sample Design in Business Research (Record no. 1208)

MARC details
000 -LEADER
fixed length control field 01422cam a22001934a 4500
005 - ΗΜΕΡΟΜΗΝΙΑ ΚΑΙ ΩΡΑ ΤΕΛΕΥΤΑΙΑΣ ΕΝΗΜΕΡΩΣΗΣ
Πεδίο ελέγχου 20250605164001.0
008 - FIXED-LENGTH DATA ELEMENTS--GENERAL INFORMATION
Πεδίο ελέγχου σταθερού μήκους 250528s ||||||||||||||||||||||||d
035 ## - SYSTEM CONTROL NUMBER
System control number 15643
020 ## - ISBN
ISBN 471523704
040 ## - ΠΗΓΗ ΚΑΤΑΛΟΓΟΓΡΑΦΗΣΗΣ
Φορέας πρωτότυπης καταλογογράφησης MC Athens Campus Library
Γλώσσα καταλογογράφησης Ελληνικά, Μοντέρνα (1453-)
Modifying agency MC Athens Campus Library
Κανόνες περιγραφικής καταλογογράφησης AACR2
245 1# - ΤΙΤΛΟΣ ΚΑΙ ΔΗΛΩΣΗ ΥΠΕΥΘΥΝΟΤΗΤΑΣ
Τίτλος Sample Design in Business Research
260 ## - PUBLICATION, DISTRIBUTION, ETC.
Name of publisher, distributor, etc. John Wiley & Sons,
Date of publication, distribution, etc. 1960
300 ## - PHYSICAL DESCRIPTION
Extent 524
520 ## - SUMMARY, ETC.
Summary, etc. Standards of Statistical Practice, Responsibilities in Planning a Survey, Some Remarks on the Theory of Sampling, The Frame and Elements of a Sampling Plan, Operational Definitions of Expected Value and Of Standard Error, Uncertainties not Attributable to Sampling, Replicated Sampling Designs, Some Simple Replicated Designs, A Survey of Business Establishments with Correction for Nonresponse, Examples in Sampling Accounts, Evaluation of Inventory of Materials, Exercise in a Replicated Survey, General Theory and Procedure for Replicated Sampling of a Large Area, Field Proocedure for the Creation of Segments and For the Selection of People Within Families, Sampling New Material, Stratified Sampling, Some Theory Useful in Sampling, Evaluation of Expected Value and of Bias in Sampling Procedures, Theory of Variances, The Poison Series and the Square-Root Transformation, Optimum Number of Segments Per Block, Theory of the Formation of Strata, Index.
700 1# - ΠΡΟΣΘΕΤΗ ΑΝΑΓΡΑΦΗ--ΦΥΣΙΚΟ ΠΡΟΣΩΠΟ
Personal name Deming Edwards W
9 (RLIN) 1603
942 ## - ADDED ENTRY ELEMENTS (KOHA)
Koha item type Books
Holdings
Τύπος τεκμηρίου Βιβλιοθήκη Τρέχουσα τοποθεσία Barcode Αριθμός εισαγωγής Ημερομηνία απόκτησης Ταξιθετικό σύμβολο Αριθμός αντιτύπου Κατάσταση απόσυρσης Κατάσταση χαμένου Κατάσταση κατεστραμμένου Μη δανεισμός Σύνολο δανεισμών Ημερομηνία τελευταίας εμφάνισης Η τιμή ισχύει από
Books MC Athens Campus Library MC Athens Campus Library 9780000012074 1994 05/06/2025 519.52 DEM 1           05/06/2025 05/06/2025

MC Athens Campus Library
Πατησίων 94 & Κοδριγκτώνος 13, 104 34
Πελλήνης 8 & Πατησίων 107, 112 51
Τ: +30 210 8899600

MC Thessaloniki Campus Library
Ίωνος Δραγούμη 21, 54625 | Ίωνος Δραγούμη 15, 54625
Τ: +30 2310 287779 – Τ: +30 2314 440300